[Event "DEM U16 2020"]
[Site "Willingen GER"]
[Date "2020.10.21"]
[Round "3"]
[White "Köllner, Ruben Gideon"]
[Black "Boder, Jan"]
[Result "1-0"]
[Termination "normal"]
[Board "1"]
[WhiteTitle "FM"]
[WhiteElo "2337"]
[BlackElo "2155"]
[WhiteClock "00:31:44"]
[BlackClock "00:29:12"]
[PlyCount "103"]
[WhiteFideId "12993093"]
[BlackFideId "16243226"]
[EventCountry "GER"]
[EventRounds "7"]
[EventType "swiss"]
[EventDate "2020.10.19"]

1. d4 {[%clk 1:30:55]} Nf6 {[%clk 1:30:49]} 2. Bg5 {[%clk 1:31:04]} c5 {[%clk
1:30:43]} 3. Bxf6 {[%clk 1:31:27]} gxf6 {[%clk 1:31:05]} 4. d5 {[%clk 1:31:53]}
f5 {[%clk 1:31:22]} 5. c4 {[%clk 1:32:16]} Bg7 {[%clk 1:31:41]} 6. Nc3 {[%clk
1:31:56]} Bxc3+ {[%clk 1:30:43]} 7. bxc3 {[%clk 1:32:21]} d6 {[%clk 1:25:07]}
8. e3 {[%clk 1:32:29]} Nd7 {[%clk 1:23:36]} 9. Nf3 {[%clk 1:30:55]} Nf6 {[%clk
1:19:34]} 10. Qc2 {[%clk 1:29:14]} Rg8 {[%clk 1:14:09]} 11. g3 {[%clk 1:29:01]}
Qa5 {[%clk 1:12:00]} 12. Nd2 {[%clk 1:10:49]} e5 {[%clk 0:56:39]} 13. Bh3
{[%clk 1:03:54]} Rg5 {[%clk 0:48:55]} 14. O-O {[%clk 1:00:45]} Rh5 {[%clk
0:44:36]} 15. Bg2 {[%clk 0:58:27]} Bd7 {[%clk 0:41:47]} 16. Rfb1 {[%clk
0:56:06]} Qc7 {[%clk 0:41:01]} 17. Rb2 {[%clk 0:55:13]} Kf8 {[%clk 0:24:59]}
18. Rab1 {[%clk 0:54:12]} Rb8 {[%clk 0:25:25]} 19. Bf1 {[%clk 0:52:58]} f4
{[%clk 0:18:37]} 20. exf4 {[%clk 0:49:38]} exf4 {[%clk 0:18:42]} 21. Ne4 {[%clk
0:43:59]} Bf5 {[%clk 0:12:56]} 22. Bd3 {[%clk 0:43:49]} Ng4 {[%clk 0:11:31]}
23. Qd1 {[%clk 0:35:35]} Qe7 {[%clk 0:07:39]} 24. Qf3 {[%clk 0:33:59]} Bxe4
{[%clk 0:05:34]} 25. Bxe4 {[%clk 0:31:56]} Nf6 {[%clk 0:04:43]} 26. Bd3 {[%clk
0:30:03]} fxg3 {[%clk 0:04:28]} 27. hxg3 {[%clk 0:27:59]} b6 {[%clk 0:04:11]}
28. Re2 {[%clk 0:27:32]} Re5 {[%clk 0:04:39]} 29. Rbe1 {[%clk 0:27:17]} Nd7
{[%clk 0:05:07]} 30. Qf4 {[%clk 0:26:26]} Qf6 {[%clk 0:04:19]} 31. Rxe5 {[%clk
0:25:29]} dxe5 {[%clk 0:04:47]} 32. Qg4 {[%clk 0:24:12]} Rd8 {[%clk 0:04:44]}
33. Bf5 {[%clk 0:17:31]} Qd6 {[%clk 0:04:19]} 34. Bxd7 {[%clk 0:16:38]} Rxd7
{[%clk 0:04:08]} 35. Qf5 {[%clk 0:13:36]} Re7 {[%clk 0:03:16]} 36. Qxh7 {[%clk
0:13:54]} Qg6 {[%clk 0:03:21]} 37. Qh8+ {[%clk 0:14:04]} Qg8 {[%clk 0:03:50]}
38. Qh6+ {[%clk 0:13:26]} Qg7 {[%clk 0:04:15]} 39. Qc6 {[%clk 0:13:28]} Qg4
{[%clk 0:03:18]} 40. Qf6 {[%clk 0:06:37]} Qg6 {[%clk 0:03:03]} 41. Qxg6 {[%clk
0:02:03]} fxg6 {[%clk 0:03:28]} 42. f4 {[%clk 0:29:36]} exf4 {[%clk 0:32:24]}
43. Rxe7 {[%clk 0:29:32]} Kxe7 {[%clk 0:32:49]} 44. gxf4 {[%clk 0:29:59]} Kf6
{[%clk 0:28:02]} 45. Kf2 {[%clk 0:30:17]} g5 {[%clk 0:28:24]} 46. Kf3 {[%clk
0:30:28]} gxf4 {[%clk 0:28:33]} 47. Kxf4 {[%clk 0:30:53]} Ke7 {[%clk 0:28:46]}
48. Ke5 {[%clk 0:31:15]} Kd7 {[%clk 0:28:13]} 49. d6 {[%clk 0:31:33]} Kd8
{[%clk 0:28:23]} 50. Ke6 {[%clk 0:31:32]} Ke8 {[%clk 0:28:45]} 51. d7+ {[%clk
0:31:19]} Kd8 {[%clk 0:29:12]} 52. Kd6 {[%clk 0:31:44]} 1-0

[Event "DEM U16 2020"]
[Site "Willingen GER"]
[Date "2020.10.21"]
[Round "3"]
[White "Pahl, Erik"]
[Black "Fromm, Marius"]
[Result "1/2-1/2"]
[Termination "normal"]
[Board "3"]
[WhiteElo "2097"]
[BlackElo "2190"]
[WhiteClock "01:12:22"]
[BlackClock "01:09:05"]
[PlyCount "42"]
[WhiteFideId "16201272"]
[BlackFideId "12993190"]
[EventCountry "GER"]
[EventRounds "7"]
[EventType "swiss"]
[EventDate "2020.10.19"]

1. e4 {[%clk 1:30:50]} e5 {[%clk 1:30:54]} 2. Nf3 {[%clk 1:31:15]} Nc6 {[%clk
1:31:19]} 3. Bb5 {[%clk 1:31:41]} a6 {[%clk 1:31:44]} 4. Ba4 {[%clk 1:32:07]}
Nf6 {[%clk 1:32:09]} 5. O-O {[%clk 1:32:31]} Be7 {[%clk 1:32:35]} 6. d3 {[%clk
1:32:18]} b5 {[%clk 1:32:59]} 7. Bb3 {[%clk 1:32:44]} d6 {[%clk 1:33:25]} 8. a3
{[%clk 1:33:09]} O-O {[%clk 1:33:50]} 9. Nc3 {[%clk 1:33:36]} Bb7 {[%clk
1:28:52]} 10. Bd2 {[%clk 1:26:51]} Qd7 {[%clk 1:24:26]} 11. Re1 {[%clk
1:26:27]} Rfe8 {[%clk 1:24:02]} 12. Nd5 {[%clk 1:24:31]} Nxd5 {[%clk 1:13:15]}
13. exd5 {[%clk 1:22:53]} Nd4 {[%clk 1:13:24]} 14. Nxd4 {[%clk 1:22:53]} exd4
{[%clk 1:13:51]} 15. Qf3 {[%clk 1:20:47]} Bf6 {[%clk 1:13:51]} 16. Rxe8+ {[%clk
1:14:03]} Rxe8 {[%clk 1:13:58]} 17. a4 {[%clk 1:14:04]} Ra8 {[%clk 1:08:41]}
18. Qe4 {[%clk 1:11:19]} Re8 {[%clk 1:07:56]} 19. Qf3 {[%clk 1:11:34]} Ra8
{[%clk 1:08:17]} 20. Qe4 {[%clk 1:11:59]} Re8 {[%clk 1:08:42]} 21. Qf3 {[%clk
1:12:22]} Ra8 {[%clk 1:09:05]} 1/2-1/2

[Event "DEM U16 2020"]
[Site "Willingen GER"]
[Date "2020.10.21"]
[Round "3"]
[White "Dobrikov, Marco"]
[Black "Kölle, Tobias"]
[Result "0-1"]
[Termination "normal"]
[Board "4"]
[WhiteElo "2332"]
[BlackElo "2323"]
[WhiteClock "00:30:24"]
[BlackClock "01:25:10"]
[PlyCount "100"]
[WhiteFideId "12950378"]
[BlackFideId "16207378"]
[EventCountry "GER"]
[EventRounds "7"]
[EventType "swiss"]
[EventDate "2020.10.19"]

1. e4 {[%clk 1:30:57]} c5 {[%clk 1:30:56]} 2. Nf3 {[%clk 1:31:24]} d6 {[%clk
1:31:20]} 3. d4 {[%clk 1:31:51]} cxd4 {[%clk 1:31:45]} 4. Nxd4 {[%clk 1:32:19]}
Nf6 {[%clk 1:32:08]} 5. Nc3 {[%clk 1:32:47]} a6 {[%clk 1:32:32]} 6. h3 {[%clk
1:33:15]} e5 {[%clk 1:32:58]} 7. Nde2 {[%clk 1:33:41]} h5 {[%clk 1:33:13]} 8.
Bg5 {[%clk 1:34:08]} Be6 {[%clk 1:33:38]} 9. Bxf6 {[%clk 1:34:29]} Qxf6 {[%clk
1:34:01]} 10. Nd5 {[%clk 1:34:57]} Qd8 {[%clk 1:34:24]} 11. Qd3 {[%clk
1:35:18]} Nd7 {[%clk 1:34:45]} 12. O-O-O {[%clk 1:35:42]} g6 {[%clk 1:34:59]}
13. Kb1 {[%clk 1:36:09]} Nc5 {[%clk 1:35:22]} 14. Qa3 {[%clk 1:36:32]} b5
{[%clk 1:35:39]} 15. Nec3 {[%clk 1:36:53]} Bg7 {[%clk 1:35:48]} 16. h4 {[%clk
1:31:03]} O-O {[%clk 1:36:03]} 17. f3 {[%clk 1:31:28]} f5 {[%clk 1:36:28]} 18.
Be2 {[%clk 1:26:24]} f4 {[%clk 1:36:55]} 19. b4 {[%clk 1:21:40]} Nb7 {[%clk
1:37:20]} 20. Qb3 {[%clk 1:17:40]} Rf7 {[%clk 1:31:16]} 21. a4 {[%clk 1:13:05]}
bxa4 {[%clk 1:25:25]} 22. Nxa4 {[%clk 1:12:53]} Rb8 {[%clk 1:22:22]} 23. Bxa6
{[%clk 1:06:55]} Na5 {[%clk 1:18:04]} 24. Qc3 {[%clk 0:57:44]} Ra7 {[%clk
1:17:09]} 25. Be2 {[%clk 0:56:39]} Rc8 {[%clk 1:16:23]} 26. Qb2 {[%clk
0:53:57]} Nc6 {[%clk 1:13:54]} 27. Nac3 {[%clk 0:47:21]} Nd4 {[%clk 1:11:52]}
28. Bd3 {[%clk 0:34:50]} Rca8 {[%clk 1:09:15]} 29. Kc1 {[%clk 0:30:55]} Bxd5
{[%clk 1:07:55]} 30. Nxd5 {[%clk 0:30:45]} Ra2 {[%clk 1:07:59]} 31. Qc3 {[%clk
0:31:04]} Rxc2+ {[%clk 1:06:14]} 32. Bxc2 {[%clk 0:29:18]} Ne2+ {[%clk
1:06:37]} 33. Kb2 {[%clk 0:29:22]} Nxc3 {[%clk 1:07:00]} 34. Kxc3 {[%clk
0:28:48]} Bf6 {[%clk 1:03:06]} 35. Bb3 {[%clk 0:27:36]} Kg7 {[%clk 1:03:19]}
36. Ra1 {[%clk 0:22:16]} Rc8+ {[%clk 0:58:35]} 37. Kd2 {[%clk 0:21:08]} Bxh4
{[%clk 0:58:19]} 38. Rhc1 {[%clk 0:12:16]} Rxc1 {[%clk 0:57:55]} 39. Kxc1
{[%clk 0:12:16]} Bf2 {[%clk 0:55:55]} 40. Ra2 {[%clk 0:11:52]} Bd4 {[%clk
0:55:55]} 41. Rc2 {[%clk 0:09:10]} Qh4 {[%clk 0:55:05]} 42. Rc7+ {[%clk
0:06:44]} Kh6 {[%clk 0:55:24]} 43. Bd1 {[%clk 0:06:49]} Qe1 {[%clk 0:55:03]}
44. Rc2 {[%clk 0:03:38]} Be3+ {[%clk 0:53:59]} 45. Nxe3 {[%clk 0:04:03]} Qxe3+
{[%clk 0:54:11]} 46. Kb2 {[%clk 0:29:26]} Qd4+ {[%clk 1:24:36]} 47. Kc1 {[%clk
0:29:54]} Qxb4 {[%clk 1:25:01]} 48. Be2 {[%clk 0:30:19]} Qa3+ {[%clk 1:24:51]}
49. Kd1 {[%clk 0:30:10]} Qa1+ {[%clk 1:25:10]} 50. Kd2 {[%clk 0:30:24]} Qg1
{[%clk 1:25:10]} 0-1

[Event "DEM U16 2020"]
[Site "Willingen GER"]
[Date "2020.10.21"]
[Round "3"]
[White "Khachatryan, Taron"]
[Black "Pubantz, Jan"]
[Result "0-1"]
[Termination "normal"]
[Board "5"]
[WhiteElo "2136"]
[BlackElo "2295"]
[WhiteClock "00:56:49"]
[BlackClock "00:13:56"]
[PlyCount "92"]
[WhiteFideId "16216598"]
[BlackFideId "12996114"]
[EventCountry "GER"]
[EventRounds "7"]
[EventType "swiss"]
[EventDate "2020.10.19"]

1. d4 {[%clk 1:30:53]} d5 {[%clk 1:30:54]} 2. c4 {[%clk 1:31:16]} c6 {[%clk
1:31:20]} 3. Nf3 {[%clk 1:31:33]} Nf6 {[%clk 1:31:34]} 4. Qc2 {[%clk 1:31:56]}
dxc4 {[%clk 1:27:58]} 5. Qxc4 {[%clk 1:32:01]} Bg4 {[%clk 1:27:48]} 6. Nbd2
{[%clk 1:31:21]} Nbd7 {[%clk 1:20:12]} 7. g3 {[%clk 1:27:50]} e6 {[%clk
1:19:06]} 8. Bg2 {[%clk 1:27:21]} Be7 {[%clk 1:17:16]} 9. O-O {[%clk 1:24:00]}
O-O {[%clk 1:16:14]} 10. b3 {[%clk 1:20:02]} Rc8 {[%clk 1:07:35]} 11. Ne5
{[%clk 1:19:28]} b5 {[%clk 0:53:55]} 12. Qc2 {[%clk 1:13:26]} Nxe5 {[%clk
0:37:00]} 13. dxe5 {[%clk 1:13:36]} Nd7 {[%clk 0:37:26]} 14. f3 {[%clk
1:03:19]} Bh5 {[%clk 0:31:36]} 15. Bb2 {[%clk 1:03:23]} Qc7 {[%clk 0:30:08]}
16. Qe4 {[%clk 0:59:09]} Bg6 {[%clk 0:26:52]} 17. Qf4 {[%clk 0:57:36]} f6
{[%clk 0:25:33]} 18. exf6 {[%clk 0:57:50]} Qxf4 {[%clk 0:24:58]} 19. gxf4
{[%clk 0:57:54]} Bxf6 {[%clk 0:23:31]} 20. Bxf6 {[%clk 0:55:54]} Nxf6 {[%clk
0:21:39]} 21. Bh3 {[%clk 0:51:30]} Bf5 {[%clk 0:21:36]} 22. Bxf5 {[%clk
0:51:30]} exf5 {[%clk 0:22:05]} 23. Kf2 {[%clk 0:51:34]} Rfd8 {[%clk 0:21:17]}
24. Rfd1 {[%clk 0:48:38]} Nd5 {[%clk 0:21:03]} 25. Nf1 {[%clk 0:48:45]} Nxf4
{[%clk 0:21:23]} 26. Rdc1 {[%clk 0:43:05]} Ne6 {[%clk 0:18:13]} 27. b4 {[%clk
0:40:25]} c5 {[%clk 0:16:23]} 28. bxc5 {[%clk 0:39:52]} Nxc5 {[%clk 0:16:40]}
29. Rd1 {[%clk 0:36:38]} Kf7 {[%clk 0:13:47]} 30. Rac1 {[%clk 0:36:33]} Rxd1
{[%clk 0:13:10]} 31. Rxd1 {[%clk 0:36:46]} Ke6 {[%clk 0:13:16]} 32. Ne3 {[%clk
0:36:26]} Na4 {[%clk 0:08:33]} 33. Ng2 {[%clk 0:32:15]} Nc3 {[%clk 0:06:43]}
34. Nf4+ {[%clk 0:31:43]} Ke5 {[%clk 0:06:40]} 35. Nd3+ {[%clk 0:32:03]} Kf6
{[%clk 0:06:55]} 36. Rd2 {[%clk 0:32:03]} a5 {[%clk 0:03:59]} 37. Nf4 {[%clk
0:30:41]} Rc5 {[%clk 0:02:20]} 38. e3 {[%clk 0:29:53]} g5 {[%clk 0:01:50]} 39.
Nh5+ {[%clk 0:28:54]} Kg6 {[%clk 0:01:44]} 40. Ng3 {[%clk 0:29:19]} Rd5 {[%clk
0:00:54]} 41. Rc2 {[%clk 0:28:30]} b4 {[%clk 0:28:30]} 42. a3 {[%clk 0:58:43]}
Nd1+ {[%clk 0:21:03]} 43. Ke2 {[%clk 0:59:04]} b3 {[%clk 0:14:48]} 44. Rc6+
{[%clk 0:58:27]} Kf7 {[%clk 0:15:03]} 45. Rb6 {[%clk 0:56:53]} Nc3+ {[%clk
0:13:56]} 46. Kf2 {[%clk 0:56:49]} b2 0-1

[Event "DEM U16 2020"]
[Site "Willingen GER"]
[Date "2020.10.21"]
[Round "3"]
[White "Simukov, Erik"]
[Black "Deuer, Marius"]
[Result "0-1"]
[Termination "normal"]
[Board "6"]
[WhiteElo "2012"]
[BlackElo "2209"]
[WhiteClock "00:05:23"]
[BlackClock "00:00:42"]
[PlyCount "72"]
[WhiteFideId "12995380"]
[BlackFideId "16236432"]
[EventCountry "GER"]
[EventRounds "7"]
[EventType "swiss"]
[EventDate "2020.10.19"]

1. e4 {[%clk 1:30:58]} c5 {[%clk 1:30:56]} 2. Nf3 {[%clk 1:31:15]} Nc6 {[%clk
1:31:14]} 3. d4 {[%clk 1:31:35]} cxd4 {[%clk 1:31:38]} 4. Nxd4 {[%clk 1:31:56]}
Nf6 {[%clk 1:32:01]} 5. Nc3 {[%clk 1:28:25]} e5 {[%clk 1:32:21]} 6. Ndb5 {[%clk
1:28:29]} d6 {[%clk 1:32:43]} 7. Nd5 {[%clk 1:28:50]} Nxd5 {[%clk 1:33:06]} 8.
exd5 {[%clk 1:29:13]} Nb8 {[%clk 1:33:30]} 9. a4 {[%clk 1:27:01]} Be7 {[%clk
1:33:53]} 10. Be2 {[%clk 1:27:20]} O-O {[%clk 1:34:16]} 11. O-O {[%clk
1:27:34]} f5 {[%clk 1:34:23]} 12. a5 {[%clk 1:26:54]} a6 {[%clk 1:34:30]} 13.
Nc3 {[%clk 1:26:45]} Nd7 {[%clk 1:32:47]} 14. Bd2 {[%clk 1:24:18]} b5 {[%clk
1:07:25]} 15. axb6 {[%clk 1:24:13]} Qxb6 {[%clk 1:07:01]} 16. Na4 {[%clk
1:22:25]} Qc7 {[%clk 1:05:09]} 17. b4 {[%clk 1:22:06]} e4 {[%clk 1:04:05]} 18.
f4 {[%clk 1:17:08]} exf3 {[%clk 0:57:58]} 19. Rxf3 {[%clk 1:15:18]} Ne5 {[%clk
0:55:49]} 20. Rb3 {[%clk 1:12:49]} f4 {[%clk 0:49:58]} 21. Kh1 {[%clk 1:10:47]}
Bf5 {[%clk 0:43:24]} 22. c4 {[%clk 1:08:19]} Be4 {[%clk 0:42:13]} 23. Rc1
{[%clk 1:02:12]} Rab8 {[%clk 0:38:16]} 24. Nc3 {[%clk 0:48:28]} Bg6 {[%clk
0:20:59]} 25. Na2 {[%clk 0:33:02]} Qd7 {[%clk 0:19:23]} 26. c5 {[%clk 0:22:11]}
Be4 {[%clk 0:06:44]} 27. Be1 {[%clk 0:07:14]} dxc5 {[%clk 0:04:26]} 28. Nc3
{[%clk 0:05:17]} Bxg2+ {[%clk 0:02:35]} 29. Kxg2 {[%clk 0:05:42]} f3+ {[%clk
0:03:02]} 30. Kh1 {[%clk 0:06:02]} fxe2 {[%clk 0:02:41]} 31. Qxe2 {[%clk
0:05:55]} c4 {[%clk 0:01:45]} 32. Rbb1 {[%clk 0:05:27]} Nd3 {[%clk 0:01:50]}
33. Rd1 {[%clk 0:05:32]} Bd6 {[%clk 0:01:36]} 34. Ne4 {[%clk 0:05:33]} Rbe8
{[%clk 0:00:52]} 35. Qg2 {[%clk 0:05:25]} Nf4 {[%clk 0:00:47]} 36. Qc2 {[%clk
0:05:23]} Qg4 {[%clk 0:00:42]} 0-1

[Event "DEM U16 2020"]
[Site "Willingen GER"]
[Date "2020.10.21"]
[Round "3"]
[White "Skabs, Denis"]
[Black "Hinrichs, Paul"]
[Result "0-1"]
[Termination "normal"]
[Board "7"]
[WhiteElo "1875"]
[BlackElo "2168"]
[WhiteClock "00:14:28"]
[BlackClock "00:13:30"]
[PlyCount "86"]
[WhiteFideId "16248449"]
[BlackFideId "12942545"]
[EventCountry "GER"]
[EventRounds "7"]
[EventType "swiss"]
[EventDate "2020.10.19"]

1. e4 {[%clk 1:30:55]} e5 {[%clk 1:30:59]} 2. Nf3 {[%clk 1:31:18]} Nc6 {[%clk
1:31:26]} 3. Bc4 {[%clk 1:31:35]} Bc5 {[%clk 1:31:43]} 4. c3 {[%clk 1:31:45]}
Nf6 {[%clk 1:32:06]} 5. d4 {[%clk 1:32:06]} exd4 {[%clk 1:32:25]} 6. cxd4
{[%clk 1:32:17]} Bb4+ {[%clk 1:32:48]} 7. Nc3 {[%clk 1:32:41]} Nxe4 {[%clk
1:32:30]} 8. O-O {[%clk 1:32:58]} Bxc3 {[%clk 1:32:50]} 9. d5 {[%clk 1:33:05]}
Bf6 {[%clk 1:33:03]} 10. Re1 {[%clk 1:33:24]} Ne7 {[%clk 1:33:27]} 11. Rxe4
{[%clk 1:33:49]} d6 {[%clk 1:33:53]} 12. Bg5 {[%clk 1:33:26]} Bxg5 {[%clk
1:34:16]} 13. Nxg5 {[%clk 1:33:51]} h6 {[%clk 1:34:42]} 14. Qe2 {[%clk
1:34:06]} hxg5 {[%clk 1:35:06]} 15. Re1 {[%clk 1:34:31]} Be6 {[%clk 1:35:25]}
16. h3 {[%clk 1:34:46]} c6 {[%clk 1:14:40]} 17. dxe6 {[%clk 1:33:59]} f6 {[%clk
1:13:51]} 18. Rg4 {[%clk 1:33:41]} d5 {[%clk 1:13:01]} 19. Bd3 {[%clk 1:33:51]}
Qd6 {[%clk 1:11:13]} 20. b4 {[%clk 1:31:37]} O-O-O {[%clk 1:09:35]} 21. a4
{[%clk 1:23:01]} Rh4 {[%clk 1:01:23]} 22. Rxh4 {[%clk 1:15:51]} gxh4 {[%clk
1:00:20]} 23. Qg4 {[%clk 1:10:53]} g5 {[%clk 0:59:52]} 24. Qd4 {[%clk 1:10:36]}
Kb8 {[%clk 0:49:39]} 25. Qxf6 {[%clk 1:07:38]} Qxb4 {[%clk 0:49:19]} 26. Rb1
{[%clk 1:02:21]} Qd6 {[%clk 0:48:52]} 27. Re1 {[%clk 0:46:00]} c5 {[%clk
0:43:12]} 28. Qxg5 {[%clk 0:46:23]} c4 {[%clk 0:43:38]} 29. Bb1 {[%clk
0:45:54]} d4 {[%clk 0:42:18]} 30. Qxh4 {[%clk 0:42:52]} a6 {[%clk 0:36:41]} 31.
f4 {[%clk 0:33:44]} d3 {[%clk 0:36:07]} 32. f5 {[%clk 0:32:24]} Nxf5 {[%clk
0:35:43]} 33. Qf2 {[%clk 0:26:10]} Ne7 {[%clk 0:21:34]} 34. Rc1 {[%clk
0:19:29]} Qxe6 {[%clk 0:16:51]} 35. Qf4+ {[%clk 0:19:38]} Rd6 {[%clk 0:14:48]}
36. Rxc4 {[%clk 0:18:23]} Ng6 {[%clk 0:14:18]} 37. Qg3 {[%clk 0:16:10]} d2
{[%clk 0:14:21]} 38. Bc2 {[%clk 0:15:45]} Ne5 {[%clk 0:13:32]} 39. Re4 {[%clk
0:15:21]} d1=Q+ {[%clk 0:13:54]} 40. Bxd1 {[%clk 0:15:47]} Rxd1+ {[%clk
0:14:20]} 41. Kh2 {[%clk 0:15:49]} Rd5 {[%clk 0:14:42]} 42. Qf4 {[%clk
0:15:17]} Qd6 {[%clk 0:13:38]} 43. Qg3 {[%clk 0:14:28]} Nf3+ {[%clk 0:13:30]}
0-1

[Event "DEM U16 2020"]
[Site "Willingen GER"]
[Date "2020.10.21"]
[Round "3"]
[White "Zackrisson, Peter"]
[Black "Lohvinov, Petro"]
[Result "0-1"]
[Termination "normal"]
[Board "8"]
[WhiteElo "1947"]
[BlackElo "2152"]
[WhiteClock "00:01:53"]
[BlackClock "00:00:54"]
[PlyCount "76"]
[WhiteFideId "16282078"]
[BlackFideId "14176661"]
[EventCountry "GER"]
[EventRounds "7"]
[EventType "swiss"]
[EventDate "2020.10.19"]

1. e4 {[%clk 1:30:55]} c5 {[%clk 1:30:25]} 2. Nf3 {[%clk 1:31:15]} e6 {[%clk
1:30:50]} 3. d4 {[%clk 1:31:25]} cxd4 {[%clk 1:31:15]} 4. Nxd4 {[%clk 1:31:47]}
a6 {[%clk 1:31:43]} 5. Bd3 {[%clk 1:32:00]} Bc5 {[%clk 1:32:08]} 6. Nb3 {[%clk
1:31:54]} Be7 {[%clk 1:32:33]} 7. Qg4 {[%clk 1:32:05]} g6 {[%clk 1:32:55]} 8.
Qe2 {[%clk 1:32:28]} d6 {[%clk 1:33:15]} 9. c4 {[%clk 1:32:43]} Nd7 {[%clk
1:32:22]} 10. O-O {[%clk 1:32:41]} Qc7 {[%clk 1:31:51]} 11. Nc3 {[%clk
1:32:34]} b6 {[%clk 1:25:34]} 12. f4 {[%clk 1:32:10]} Bb7 {[%clk 1:21:26]} 13.
Be3 {[%clk 1:26:40]} Ngf6 {[%clk 1:19:56]} 14. a4 {[%clk 1:25:39]} Nc5 {[%clk
1:18:01]} 15. Nxc5 {[%clk 1:22:31]} bxc5 {[%clk 1:18:09]} 16. Rf2 {[%clk
1:19:01]} h5 {[%clk 1:16:37]} 17. h3 {[%clk 1:18:31]} Nd7 {[%clk 1:10:37]} 18.
Rd1 {[%clk 1:12:07]} Rg8 {[%clk 0:42:20]} 19. Qd2 {[%clk 0:59:21]} f5 {[%clk
0:37:26]} 20. Re2 {[%clk 0:57:18]} O-O-O {[%clk 0:32:18]} 21. Rb1 {[%clk
0:54:26]} Nf6 {[%clk 0:22:18]} 22. Qc2 {[%clk 0:44:45]} Qc6 {[%clk 0:20:41]}
23. b4 {[%clk 0:38:29]} fxe4 {[%clk 0:08:48]} 24. Nxe4 {[%clk 0:38:47]} Nxe4
{[%clk 0:08:51]} 25. b5 {[%clk 0:39:09]} axb5 {[%clk 0:09:05]} 26. axb5 {[%clk
0:39:25]} Qb6 {[%clk 0:08:02]} 27. Bxe4 {[%clk 0:39:20]} d5 {[%clk 0:07:10]}
28. Bxg6 {[%clk 0:37:42]} d4 {[%clk 0:06:43]} 29. Bd2 {[%clk 0:36:33]} Rg7
{[%clk 0:04:49]} 30. Rxe6 {[%clk 0:32:27]} d3 {[%clk 0:01:50]} 31. Qc3 {[%clk
0:26:39]} Qxe6 {[%clk 0:01:59]} 32. Qxg7 {[%clk 0:26:57]} Bf6 {[%clk 0:00:33]}
33. Bxh5 {[%clk 0:00:58]} Bxg7 {[%clk 0:01:01]} 34. Bg4 {[%clk 0:01:20]} Qxg4
{[%clk 0:01:30]} 35. hxg4 {[%clk 0:01:43]} Re8 {[%clk 0:01:46]} 36. Rb3 {[%clk
0:01:36]} Re2 {[%clk 0:00:42]} 37. Rxd3 {[%clk 0:01:59]} Be4 {[%clk 0:00:32]}
38. Rd6 {[%clk 0:01:53]} Bd4+ {[%clk 0:00:54]} 0-1